| 000 | 00498nam a2200193 a 4500 | ||
|---|---|---|---|
| 001 | 1770460529998 | ||
| 003 | YourLibrary | ||
| 005 | 20260207160834.0 | ||
| 008 | 260207s2008##################000#0#eng## | ||
| 020 | _a9780415372718 | ||
| 082 | 0 | 4 |
_a306.380 _bOLI |
| 100 | 1 |
_aOliver, Caroline, _eauthor. |
|
| 245 | 1 | 0 | _aRetirement Migration : |
| 260 |
_bRoutledge, _c2008. |
||
| 300 | _a210 pages | ||
| 650 | 0 | _aBusiness & Economics. | |
| 942 | _cENGLISH | ||
| 040 |
_aYourLibrary _beng _cYourLibrary |
||
| 999 |
_c611199 _d611199 |
||